MARC

LEADER 00000nam0a2200000 4500
001 26698
005 20231030201737.0
010 |a 5252000069 
035 |a (RuTPU)RU\TPU\book\26942 
035 |a BOOK00027017 
090 |a 26698 
100 |a 20011209d2001 m y0rusy50 ca 
101 0 |a rus 
102 |a RU 
105 |a y j 000zy 
200 1 |a Искусство управления персоналом  |e учебное пособие  |f А. О. Блинов, О. В. Василевская 
210 |a Москва  |c ГЕЛАН  |d 2001 
215 |a 411 с. 
610 1 |a экономика 
610 1 |a труд 
610 1 |a кадры 
610 1 |a персонал 
610 1 |a менеджмент 
610 1 |a управление 
610 1 |a учебные пособия 
686 |a У9(2)240я73  |v LBC/SL-A  |2 rubbk 
700 1 |a Блинов  |b А. О.  |g Андрей Олегович 
701 1 |a Василевская  |b О. В.  |g Ольга Владимировна 
801 0 |a RU  |b 63413507  |c 20011209  |g PSBO 
801 2 |a RU  |b 63413507  |c 20200623  |g PSBO 
900 |a Основы делового администрирования 
900 |a Корпоративная культура организации 
900 |a Психология управления персоналом 
942 |c BK